Statistics for Countries by Food Consumption

Click here to take the quiz!

General Stats

  • This quiz has been taken 30 times
  • The average score is 14 of 20

Answer Stats

KiloJoulesCountry% Correct
1.15,900USA
100%
10.14,810Germany
100%
11.14,770France
100%
18.14,430United Kingdom
100%
11.14,770Canada
97%
6.15,270Italy
93%
8.15,020Ireland
79%
2.15,690Austria
79%
4.15,440Belgium
76%
18.14,430Norway
76%
3.15,520Greece
72%
9.14,980Portugal
69%
18.14,430Switzerland
69%
5.15,400Luxembourg
66%
17.14,520Hungary
66%
15.14,640Turkey
62%
16.14,600Romania
48%
7.15,060Malta
45%
11.14,770Israel
41%
14.14,690Kazakhstan
7%

Score Distribution

Percentile by Number Answered

Percent of People with Each Score

Your Score History

You have not taken this quiz